LEADER 01249cam0-2200397---450 001 990005389520403321 005 20220714095056.0 035 $a000538952 035 $aFED01000538952 035 $a(Aleph)000538952FED01 035 $a000538952 100 $a19990604d1845----km-y0itay50------ba 101 0 $aita 102 $aIT 105 $ay-------001yy 200 1 $aDegli archivi napoletani$eragionamento$fdi Antonio Spinelli 210 $aNapoli$cStamperia Reale$d1845 215 $a61 p.$d29 cm 517 1 $aRagionamento 610 0 $aNapoli$aArchivi 610 0 $aArchivi$aNapoli 676 $a026.945731 676 $a945.7$v22$zita 676 $a026.94$v22$zita 700 1$aSpinelli,$bAntonio$0397681 801 0$aIT$bUNINA$gRICA$2UNIMARC 856 4 $zVisualizza la versione elettronica in SBNWeb$uhttps://books.google.it/books?id=LssbZ9IVpiQC&printsec=frontcover&hl=it&source=gbs_ge_summary_r&cad=0#v=onepage&q&f=false$e20210120 901 $aBK 912 $a990005389520403321 952 $aSG 945.7/C 11$bPAL DIPL 199$fFLFBC 952 $aBSF-026.94-SPI-1$bs.i.$fSC1 952 $aSG 300/B 114 (1)$bs.i.$fFLFBC 959 $aFLFBC 959 $aSC1 996 $aDegli archivi napoletani$9595336 997 $aUNINA LEADER 01677oam 2200421Ia 450 001 9910698398103321 005 20070823151632.0 035 $a(CKB)4330000001271975 035 $a(OCoLC)122509185 035 $a(EXLCZ)994330000001271975 100 $a20070406d2006 ua 0 101 0 $aeng 135 $aurmn||||||||| 181 $ctxt$2rdacontent 182 $cc$2rdamedia 183 $acr$2rdacarrier 200 10$aEffects of irrigation, drought, and ground-water withdrawals on ground-water levels in the southern Lihue basin, Kauai, Hawaii$b[electronic resource] /$fby Scot K. Izuka ; prepared in cooperation with the County of Kauai Department of Water 210 1$aReston, Va. :$cU.S. Geological Survey,$d2006. 215 $av, 42 pages $cdigital, PDF file 225 1 $aScientific investigations report ;$v2006-5291 300 $aTitle from PDF title screen (viewed on Apr. 5, 2007) 300 $aAt head of title on HTML title screen: Pacific Islands Water Science Center. 320 $aIncludes bibliographical references. 606 $aWater table$zHawaii$zLihue 606 $aWater consumption$zHawaii$zLihue 615 0$aWater table 615 0$aWater consumption 700 $aIzuka$b Scot K$01385066 712 02$aKauai County (Hawaii).$bDepartment of Water. 712 02$aUSGS Pacific Islands Water Science Center. 712 02$aGeological Survey (U.S.) 801 0$bGIS 801 1$bGIS 801 2$bGPO 906 $aBOOK 912 $a9910698398103321 996 $aEffects of irrigation, drought, and ground-water withdrawals on ground-water levels in the southern Lihue basin, Kauai, Hawaii$93545314 997 $aUNINA